Guess Itzy MV From Release Date - Statistics

General Stats
  • This quiz has been taken 44 times
    7 since last reset
  • The average score is 20 of 30
Answer Stats
Answer % Correct
DALLA DALLA
100%
Girls Will Be Girls
100%
GOLD
100%
ICY
100%
Not Shy
100%
TUNNEL VISION
100%
Imaginary Friend
80%
LOCO
80%
Mafia In The Morning
80%
SNEAKERS
80%
WANNABE
80%
BORN TO BE
60%
Boys Like You
60%
CAKE
60%
Chaeryeong - Mine
60%
Cheshire
60%
Mr. Vampire
60%
None of My Business
60%
ROCK & ROLL
60%
Ryujin - Run Away
60%
SWIPE
60%
UNTOUCHABLE
60%
Yeji - Crown On My Head
60%
Yuna - Yet, but
60%
BET ON ME
40%
Blah Blah Blah
40%
RINGO
40%
Voltage
40%
Yeji - Air
40%
Algorhyhtm
0%
No matching quizzes found
Score Distribution
Percent of People with Each Score
Percentile by Number Answered
Your Score History
You have not taken this quiz since the last reset